| 000 | 00501nam a2200169 a 4500 | ||
|---|---|---|---|
| 005 | 20140310183534.0 | ||
| 008 | 110822s19uu xx 00 eng d | ||
| 020 | _a9781422128923 | ||
| 050 |
_aHF 5415 _b.Un264 2010 |
||
| 245 |
_aUnderstanding marketing : _bExpert solutions to everyday challenges / |
||
| 260 |
_aBoston, Massachusetts : _bHarvard Business Press, _c2010. |
||
| 300 |
_a132 p. : _bill. ; _c19 cm. |
||
| 521 | _aBSBA | ||
| 650 | _aMarketing | ||
| 942 |
_cBK _2lcc _kFOR |
||
| 999 |
_c24686 _d24686 |
||